| 000 | 01272cam a2200337 a 4500 | ||
|---|---|---|---|
| 001 | 12987890 | ||
| 003 | OSt | ||
| 005 | 20170308094921.0 | ||
| 008 | 021031s2003 nyua 000 1 eng | ||
| 010 | _a 2002192212 | ||
| 020 | _a0786868120 | ||
| 040 |
_aDLC _cDLC _dDLC |
||
| 050 | 0 | 0 |
_aPS3619.E34 _bW5 2003 |
| 082 | 0 | 0 |
_a813/.6 _221 |
| 100 | 1 | _aSedaris, Amy. | |
| 245 | 1 | 0 |
_aWigfield / _cAmy Sedaris, Paul Dinello, and Stephen Colbert ; photographs by Todd Oldham. |
| 250 | _a1st ed. | ||
| 260 |
_aNew York : _bHyperion, _cc2003. |
||
| 300 |
_a205 p. : _bill. ; _c24 cm. |
||
| 650 | 0 |
_aCity and town life _vFiction. |
|
| 650 | 0 |
_aJournalists _vFiction. |
|
| 655 | 7 |
_aSatire. _2lcsh |
|
| 655 | 7 |
_aHumorous fiction. _2gsafd |
|
| 700 | 1 | _aDinello, Paul. | |
| 700 | 1 |
_aColbert, Stephen, _d1964- |
|
| 856 | 4 | 2 |
_3Publisher description _uhttp://www.loc.gov/catdir/enhancements/fy1203/2002192212-d.html |
| 856 | 4 | 2 |
_3Contributor biographical information _uhttp://www.loc.gov/catdir/enhancements/fy1311/2002192212-b.html |
| 906 |
_a7 _bcbc _corignew _d1 _eocip _f20 _gy-gencatlg |
||
| 942 |
_2lcc _cBK |
||
| 999 |
_c256153 _d256152 |
||